00513nam a2200157Ia 4500003000400000008004100004040001600045082001800061100002800079245005900107260005900166300001500225490005700240650002800297650003000325GCL140319s9999 xx 000 0 ara d aGCL / cGCL04a813.03bت م1 aتوفيق الحكيم10aمحمد رسول الله / cتوفيق الحكيم a[S.N] : bدار الكتب اللبنانى ، c1985 aمتعدد aمكتبة توفيق الحكيم الشعبيةv004aالادب العربى04aالقصص العربية